000 01052cam a2200301 a 4500
001 8961
003 FISKH
005 20251111144316.0
008 970401s1997 dcuab b 001 0 eng
010 _a 97014043
020 _a0792270215
020 _a9780792270218
035 _a4488615
040 _aDLC
_cDLC
_dDLC
_beng
050 0 0 _aF590.7
_b.W36 1997
082 0 0 _a978
_221
100 1 _aWalker, Paul Robert.
245 1 0 _aTrail of the Wild West /
_cPaul Robert Walker.
260 _aWashington :
_bNational Geographic Society,
_c1997.
300 _a232 pages :
_bcolor illustrations ; maps ;
_c23 x 29 cm.
504 _aIncludes bibliographical references (p. 231) and index.
520 _aThis illustrated text will inform the reader of the wild west, from Gold Rush to California, cattle trai ls, making of the railroad, to the Indian Wars. '
651 0 _aWest (U.S.)
_xHistory
_xPictorial works.
651 0 _aWest (U.S.)
_xHistory.
906 _a7
_bcbc
_corignew
_d1
_eocip
_f19
_gy-gencatlg
942 _2ddc
_cBK
_n0
999 _c8961
_d8961